| 000 | 01435nam a2200253Ia 4500 | ||
|---|---|---|---|
| 999 |
_c53453 _d53453 |
||
| 001 | 20497 | ||
| 003 | GE_BSU | ||
| 005 | 20210329172256.0 | ||
| 008 | 181216s2017||||ge |||||||||||||| ||geo|| | ||
| 040 | _cGE_BSU | ||
| 041 | _ageo | ||
| 080 | _a 82 ბ-83 | ||
| 100 |
_aბოლქვაძე, შორენა _910817 |
||
| 245 |
_aმემუარულ–ავტობიოგრაფიული დისკურსი პოსტსაბჭოთა პერიოდის ქართულ ლიტერატურაში/ _cშორენა, ბოლქვაძე; სამეცნ.ხელმძღვანელი შორენა, მახაჭაძე; ბათუმის შოთა რუსთაველის სახელწიფო უნ–ტი. |
||
| 264 |
_aბათუმი, _c2017. |
||
| 300 |
_a147გვ. ; _b30 სმ. |
||
| 653 | _aდისერტაცია | ||
| 653 | _aლიტმცოდნეობა | ||
| 653 | _aმემუარ-ავტობიოგრაფიული დისკურსი პოსტსაბჭოთა პერიოდის ქართულ ლიტერატურაში | ||
| 653 | _aფილოლოგია | ||
| 700 |
_aმახაჭაძე, შორენა _eსამეცნ. ხელმძღვანელი _93197 |
||
| 710 |
_aბსუ _910818 |
||
| 942 |
_cBK _2udc |
||